Contabilidad de costos : (Registro nro. 24785)
[ vista simple ]
| 000 -LEADER | |
|---|---|
| fixed length control field | 01098cam a2200301 i 4500 |
| 001 - CONTROL NUMBER | |
| control field | 24785 |
| 003 - CONTROL NUMBER IDENTIFIER | |
| control field | Mx-PuUPA |
| 005 - DATE AND TIME OF LATEST TRANSACTION | |
| control field | 20250428142435.0 |
| 008 - FIXED-LENGTH DATA ELEMENTS--GENERAL INFORMATION | |
| fixed length control field | 140415s2010 mx gr 000 0 spa d |
| 020 ## - INTERNATIONAL STANDARD BOOK NUMBER | |
| International Standard Book Number | 9786071502971 |
| 040 ## - CATALOGING SOURCE | |
| Original cataloging agency | Mx-PuUPA |
| Language of cataloging | spa |
| Transcribing agency | Mx-PuUPA |
| Modifying agency | Mx-PuUPA |
| Description conventions | rda |
| 041 0# - LANGUAGE CODE | |
| Language code of text/sound track or separate title | spa |
| 100 1# - MAIN ENTRY--PERSONAL NAME | |
| Personal name | Torres Salinas, Aldo S., |
| Titles and words associated with a name | (Serafín), |
| Relator term | autor |
| 9 (RLIN) | 5292 |
| 245 10 - TITLE STATEMENT | |
| Title | Contabilidad de costos : |
| Remainder of title | análisis para la toma de decisiones / |
| Statement of responsibility, etc. | Aldo S. Torres Salinas |
| 250 ## - EDITION STATEMENT | |
| Edition statement | Tercera edición |
| 264 #1 - PRODUCTION, PUBLICATION, DISTRIBUTION, MANUFACTURE, AND COPYRIGHT NOTICE | |
| Place of production, publication, distribution, manufacture | México, D.F. : |
| Name of producer, publisher, distributor, manufacturer | McGraw-Hill/Interamericana Editores, |
| Date of production, publication, distribution, manufacture, or copyright notice | ©2010 |
| 300 ## - PHYSICAL DESCRIPTION | |
| Extent | 300 páginas : |
| Other physical details | diagramas, tablas ; |
| Dimensions | 23 cm |
| 336 ## - CONTENT TYPE | |
| Fuente | rdacontent |
| Content type term | texto |
| Content type code | txt |
| 337 ## - MEDIA TYPE | |
| Source | rdamedia |
| Media type term | sin medio |
| Media type code | n |
| 338 ## - CARRIER TYPE | |
| Source | rdacarrier |
| Carrier type term | volumen |
| Carrier type code | nc |
| 650 #7 - SUBJECT ADDED ENTRY--TOPICAL TERM | |
| 9 (RLIN) | 13986 |
| Source of heading or term | armarc |
| Topical term or geographic name entry element | Contabilidad de costos |
| 650 #7 - SUBJECT ADDED ENTRY--TOPICAL TERM | |
| Source of heading or term | armarc |
| Topical term or geographic name entry element | Administración |
| General subdivision | Toma de decisiones |
| 650 #7 - SUBJECT ADDED ENTRY--TOPICAL TERM | |
| Source of heading or term | armarc |
| Topical term or geographic name entry element | Toma de decisiones |
| 942 ## - ADDED ENTRY ELEMENTS (KOHA) | |
| Source of classification or shelving scheme | Dewey Decimal Classification |
| Koha item type | Libro |
| Classification part | 657.42 |
| Item part | T67 |
| Withdrawn status | Lost status | Source of classification or shelving scheme | Damaged status | Not for loan | Collection code | Home library | Current library | Shelving location | Date acquired | Source of acquisition | Total Checkouts | Full call number | Barcode | Date last seen | Price effective from | Koha item type |
|---|---|---|---|---|---|---|---|---|---|---|---|---|---|---|---|---|
| Dewey Decimal Classification | General | Biblioteca Karol Wojtyla | Biblioteca Karol Wojtyla | Sala general | 03/12/2013 | Donación | 657.42 T67 2010 | 46270 | 05/01/2026 | 03/12/2013 | Libro |